| 000 | 00932nam0a22002531 4500 | ||
|---|---|---|---|
| 001 | rc\3698263 | ||
| 005 | 20260406162523.0 | ||
| 021 |
_aRU _bРг3710-72 |
||
| 021 |
_aRU _b71-88256 |
||
| 035 | _a(NLR Aleph) 007761179 | ||
| 090 |
_a7367835 _c7367835 |
||
| 100 | _a20130115d1971 |||y0rusy50 ca | ||
| 101 | 0 | _arus | |
| 102 | _aRU | ||
| 105 | _ay z ||||| | ||
| 200 | 1 |
_aКлассный руководитель и пионерский отряд _e(Метод. рекомендации) _fКурганский дворец пионеров и школьников им. Коли Мяготина |
|
| 210 |
_a[Курган] _cБ. и. _d1971 |
||
| 215 |
_a10 с. _d20 |
||
| 712 | 0 | 2 |
_aКурганский дворец пионеров и школьников им. К.Мяготина _3RU\NLR\AUTH\889933958 _9363020 |
| 801 | 0 |
_aRU _bNLR _gpsbo |
|
| 801 | 1 |
_aRU _bELAR _2rusmarc |
|
| 852 |
_aNLR _j72-4/4816 |
||
| 942 | _cBOOK | ||
| 980 | _aNB | ||